Learning, teaching, and social media : a generational approach
Saved in:
| Main Author | |
|---|---|
| Format | Electronic eBook |
| Language | English |
| Published |
Abingdon, Oxon ; New York, NY:
Routledge,
2024.
|
| Series | Routledge research in digital education and educational technology.
|
| Subjects | |
| Online Access | Full text |
| ISBN | 9781315204116 9781351790055 9781351790031 9781351790048 9781138701373 9781032676838 |
| Physical Description | 1 online zdroj (viii, 217 stran) : ilustrace. |
Cover
| LEADER | 00000nam a2200000 i 4500 | ||
|---|---|---|---|
| 001 | 114062 | ||
| 003 | CZ-ZlUTB | ||
| 005 | 20260520120031.0 | ||
| 006 | m o d | ||
| 007 | cr cnu---unuuu | ||
| 008 | 231025t20242024enka fo 001 0 eng | ||
| 020 | |a 9781315204116 |q (ebook) | ||
| 020 | |a 9781351790055 |q (PDF) | ||
| 020 | |a 9781351790031 |q (ePub) | ||
| 020 | |a 9781351790048 |q (ebook) | ||
| 020 | |z 9781138701373 |q (hardback) | ||
| 020 | |z 9781032676838 |q (paperback) | ||
| 024 | 7 | |a 10.4324/9781315204116 |2 doi | |
| 040 | |a EBZ |b eng |c EBZ |e rda | ||
| 042 | |a pcc | ||
| 072 | 7 | |a 316.4/.7 |x Sociální interakce. Sociální komunikace |2 Konspekt |9 18 | |
| 072 | 7 | |a 37.09 |x Organizace výuky a vzdělávání |2 Konspekt |9 22 | |
| 080 | |a 316.774:37.016 |2 MRF | ||
| 080 | |a 316.774:316.776.33/.34 |2 MRF | ||
| 080 | |a 37.03:[007+004] |2 MRF | ||
| 080 | |a 37.091.3 |2 MRF | ||
| 080 | |a 316.774:004.738 |2 MRF | ||
| 080 | |a (0.034.2:08) |2 MRF | ||
| 080 | |a (048.8) |2 MRF | ||
| 100 | 1 | |a McWhirter, Andrew, |e author. | |
| 245 | 1 | 0 | |a Learning, teaching, and social media : |b a generational approach / |c Andrew McWhirter. |
| 264 | 1 | |a Abingdon, Oxon ; |a New York, NY: |b Routledge, |c 2024. | |
| 264 | 4 | |c ©2024 | |
| 300 | |a 1 online zdroj (viii, 217 stran) : |b ilustrace. | ||
| 336 | |a text |b txt |2 rdacontent | ||
| 337 | |a počítač |b c |2 rdamedia | ||
| 338 | |a online zdroj |b cr |2 rdacarrier | ||
| 490 | 1 | |a Routledge research in digital education and educational technology | |
| 504 | |a Obsahuje bibliografické odkazy a rejstřík | ||
| 506 | |a Plný text je dostupný pouze z IP adres počítačů Univerzity Tomáše Bati ve Zlíně nebo vzdáleným přístupem pro zaměstnance a studenty | ||
| 588 | |a Description based on online resource; title from digital title page (viewed on May 06, 2024). | ||
| 650 | 0 | 7 | |a mediální výchova a vzdělávání |7 ph346539 |2 czenas |
| 650 | 0 | 7 | |a mediální gramotnost |7 ph307593 |2 czenas |
| 650 | 0 | 7 | |a informační výchova |7 ph121109 |2 czenas |
| 650 | 0 | 7 | |a vyučovací metody |7 ph127294 |2 czenas |
| 650 | 0 | 7 | |a sociální média |7 ph634112 |2 czenas |
| 650 | 0 | 9 | |a media education |2 eczenas |
| 650 | 0 | 9 | |a media literacy |2 eczenas |
| 650 | 0 | 9 | |a information education |2 eczenas |
| 650 | 0 | 9 | |a teaching methods |2 eczenas |
| 650 | 0 | 9 | |a social media |2 eczenas |
| 655 | 7 | |a elektronické knihy |7 fd186907 |2 czenas | |
| 655 | 7 | |a monografie |7 fd132842 |2 czenas | |
| 655 | 9 | |a electronic books |2 eczenas | |
| 655 | 9 | |a monographs |2 eczenas | |
| 776 | 0 | 8 | |i Print version: |a McWhirter, Andrew. |t Learning, teaching, and social media. |d Abingdon, Oxon ; New York, NY: Routledge, 2024 |z 9781138701373 |w (DLC) 2023041996 |
| 830 | 0 | |a Routledge research in digital education and educational technology. | |
| 856 | 4 | 0 | |u https://search.ebscohost.com/login.aspx?direct=true&scope=site&db=nlebk&db=nlabk&AN=3743130&authtype=ip,shib&custid=s3936755 |
| 942 | |2 udc | ||
| 992 | |c EBOOK-TN |c EBSCO | ||
| 993 | |x NEPOSILAT |y EIZ | ||
| 999 | |c 114062 |d 114062 | ||